|
|
|
|
| LEADER |
00622cam a2200169 7i4500 |
| 001 |
0000000847 |
| 005 |
20181107090000.0 |
| 020 |
|
|
|a 0074604430 (pbk.)
|
| 090 |
0 |
0 |
|a QA808
|b .A66 1993
|
| 110 |
2 |
|
|a Technical Teachers' Training Institute Madras
|
| 245 |
0 |
0 |
|a Applied mathematics
|c Technical Teachers' Training Institute Madras.
|
| 260 |
|
|
|a New Dehli:
|b Tata McGraw-Hill,
|c 1993.
|
| 300 |
|
|
|a xi, 531 p.:
|b ill.;
|c 23 cm.
|
| 490 |
0 |
|
|a Technical education series
|
| 650 |
0 |
0 |
|a Applied mathematics
|
| 997 |
|
|
|a Engineering & Life Sciences, Faculty
|b Engineering, Department
|
| 999 |
|
|
|a 0000001662
|b BOK
|c OPEN SHELF
|e 2nd Floor, Bestari Jaya
|